000 01699cam a22004214i 4500
003 PE-LiUPU
005 20250731173102.0
008 150623s r 000 0 d
035 _a(Sirsi) a24706
040 _aPE-LiUPU
_bspa
_cPE-LiUPU
_erda
082 0 4 _a286.732
_bP61
_221
110 2 _aEllen G. White Estate
245 1 0 _aPeriodical articles concerning inspiration, Ellen G. white, and Adventist history /
_cEllen G. White Estate.
264 1 _aWashington, DC :
_bEllen G. White Estate,
_c1986.
300 _a350 páginas :
_bilustraciones, fotos ;
_c27 cm.
336 _atext
_2rdacontent
337 _aunmediated
_2rdamedia
338 _avolume
_2rdacarrier
504 _aIncluye bibliografía.
505 0 _aInspiration. /Ellen G. White´s relationship to the Bible. -Ellen White and Adventist doctrines. -The 1919 Bible and history teacher´s council. -How prphets wrote: literary borrowing. -Ellen White´s teachings. -Biography. -Adventist history. -Personal attitudes and practices.
526 _aSEG42
526 _aSEG41
526 _aSEG40
526 _aSEG39
526 _aP94
526 _aP87
526 _aP86
526 _aP85
526 _aP77
526 _aP76
526 _aP35
600 1 _aWhite, Elena G. de.
_d1827-1915
_xObras
942 _2ddc
_cBOOK
949 _a286.732 P61
_wDEWEY
_c1
_i49073
_lCCODEBUL1
_mBUL
_p00.00
_r0
_sY
_tBOOK
_u2015-06-24
_xTEOLOGIA
_PP35
_0COMPRA
_o.STAFF. Colección General
596 _a1
999 _a286.732 P61
_wDEWEY
_c28225
_i49073
_d28225
_e2019-3-14
_f2021-11-11
_g6
_lCCODEBUL1
_mBUL
_n1
_r0
_sY
_tBOOK
_u2015-6-24
_xTEOLOGIA
_PP35
_0COMPRA
_o.STAFF. Colección General
980 _81
_gALBERTO SANCHEZ Responsable de Automatización